[Event "Int"]
[Site "Madrid"]
[Date "1993.??.??"]
[Round "2"]
[White "Anand, Viswanathan"]
[Black "Topalov, Veselin"]
[Result "1/2-1/2"]
[WhiteElo "2710"]
[BlackElo "2635"]
[PlyCount "75"]
[EventDate "1993.06.??"]
[EventType "tourn"]
[EventRounds "9"]
[EventCountry "ESP"]
[EventCategory "14"]
[SourceDate "2004.01.01"]

1. e4 c5 2. Nf3 d6 3. d4 cxd4 4. Nxd4 Nf6 5. Nc3 g6 6. Be3 Bg7 7. f3 O-O 8. Qd2
Nc6 9. Bc4 Bd7 10. h4 Ne5 11. Bb3 h5 12. Bh6 Rc8 13. Bxg7 Kxg7 14. O-O-O Nc4
15. Qd3 Na5 16. Nde2 Nxb3+ 17. cxb3 b5 18. Kb1 Qb6 19. Nf4 Bc6 20. Qe2 Qb7 21.
Rhe1 e5 22. Nfd5 b4 23. Nxf6 bxc3 24. Rxd6 Qb4 25. Rxc6 Rxc6 26. Nd5 c2+ 27.
Kc1 Qa5 28. a3 Rb8 29. b4 Qa4 30. Qd3 Rd8 31. Re2 a5 32. b5 Rc4 33. Rd2 Rd4 34.
Qc3 Qxb5 35. Rxd4 exd4 36. Qxd4+ Kh6 37. Qd2+ Kg7 38. Qd4+ 1/2-1/2

[Event "It"]
[Site "Las Palmas ESP"]
[Date "1996.12.20"]
[Round "9"]
[White "Topalov, Veselin"]
[Black "Anand, Viswanathan"]
[Result "1/2-1/2"]
[WhiteElo "2750"]
[BlackElo "2735"]
[PlyCount "77"]
[EventDate "1996.??.??"]

1. e4 c5 2. Nf3 d6 3. d4 cxd4 4. Nxd4 Nf6 5. Nc3 a6 6. Be2 e6 7. a4 Nc6 8. O-O
Be7 9. Be3 O-O 10. f4 Qc7 11. Kh1 Re8 12. Bf3 Rb8 13. Qd2 Bd7 14. Nb3 b6 15. g4
Bc8 16. Qf2 Na5 17. Rad1 Nc4 18. Bc1 b5 19. g5 Nd7 20. axb5 axb5 21. Bg2 b4 22.
Ne2 Nc5 23. f5 Bf8 24. g6 Nxb3 25. cxb3 Ne5 26. gxf7+ Qxf7 27. Nd4 exf5 28.
exf5 Bb7 29. Ne6 Rbc8 30. Ng5 Qe7 31. Qd2 Kh8 32. Rde1 Qd7 33. Ne6 Qb5 34. Rd1
Be7 35. Bxb7 Qxb7+ 36. Qd5 Qxd5+ 37. Rxd5 Nf7 38. Bd2 Bf6 39. Bxb4 1/2-1/2

[Event "Chess Classic"]
[Site "Frankfurt GER"]
[Date "1997.06.26"]
[Round "3"]
[White "Topalov, Veselin"]
[Black "Anand, Viswanathan"]
[Result "0-1"]
[WhiteElo "2725"]
[BlackElo "2765"]
[PlyCount "68"]
[EventDate "1997.??.??"]

1. e4 c5 2. Nf3 d6 3. d4 cxd4 4. Nxd4 Nf6 5. Nc3 a6 6. Be3 Ng4 7. Bc1 Nf6 8.
Be3 Ng4 9. Bg5 h6 10. Bh4 g5 11. Bg3 Bg7 12. Be2 h5 13. Bxg4 Bxg4 14. f3 Bd7
15. Bf2 Nc6 16. O-O e6 17. Nde2 Qc7 18. Qd2 g4 19. f4 h4 20. Be3 b5 21. Rad1
Bf8 22. e5 dxe5 23. Ne4 O-O-O 24. Qe1 f5 25. Ng5 h3 26. g3 Re8 27. Qf2 Kb8 28.
fxe5 Bc8 29. Nf4 Rg8 30. Nh5 Rxg5 31. Bxg5 Nxe5 32. Bf4 Bc5 33. Rfe1 Bxf2+ 34.
Kxf2 Qxc2+ 0-1

[Event "Chess Classic"]
[Site "Frankfurt GER"]
[Date "1997.06.27"]
[Round "6"]
[White "Anand, Viswanathan"]
[Black "Topalov, Veselin"]
[Result "1/2-1/2"]
[WhiteElo "2765"]
[BlackElo "2725"]
[PlyCount "71"]
[EventDate "1997.??.??"]

1. e4 c5 2. Nf3 d6 3. Bc4 Nf6 4. d3 e6 5. Bb3 Be7 6. O-O O-O 7. Re1 Nc6 8. c3
d5 9. e5 Nd7 10. d4 b6 11. a3 Ba6 12. Nbd2 Bd3 13. Nf1 Bg6 14. Ng3 Rc8 15. Be3
b5 16. Ne2 cxd4 17. cxd4 Nb6 18. Nf4 Bf5 19. Qe2 Nc4 20. Rac1 Qb6 21. Bc2 Be4
22. Bd3 g6 23. Bxc4 Bxf3 24. Qxf3 bxc4 25. Qg4 Qxb2 26. h4 Bxa3 27. h5 Ne7 28.
Ra1 Rc7 29. hxg6 hxg6 30. Reb1 Qc2 31. Qe2 Qc3 32. Qa2 Bc5 33. dxc5 Nf5 34. Ne2
Qd3 35. Bg5 c3 36. Rd1 1/2-1/2

[Event "Hoogovens"]
[Site "Wijk aan Zee NED"]
[Date "1998.01.21"]
[Round "5"]
[White "Anand, Viswanathan"]
[Black "Topalov, Veselin"]
[Result "1-0"]
[WhiteElo "2770"]
[BlackElo "2740"]
[PlyCount "57"]
[EventDate "1998.??.??"]

1. e4 e5 2. Nf3 Nc6 3. Bb5 a6 4. Ba4 Nf6 5. O-O b5 6. Bb3 Bc5 7. a4 Rb8 8. c3
d6 9. d4 Bb6 10. axb5 axb5 11. h3 O-O 12. Re1 Re8 13. Na3 b4 14. Nc4 bxc3 15.
bxc3 exd4 16. Nxb6 Rxb6 17. cxd4 Nxe4 18. Bxf7+ Kxf7 19. Rxe4 Rxe4 20. Ng5+ Kg8
21. Nxe4 Bf5 22. Ng5 Ne7 23. g4 Bg6 24. Ne6 Qc8 25. d5 Bf7 26. Nxg7 Kxg7 27.
Qd4+ Kf8 28. Bh6+ Ke8 29. Re1 1-0

[Event "Amber Rapid"]
[Site "Monte Carlo MON"]
[Date "1998.03.25"]
[Round "10"]
[White "Anand, Viswanathan"]
[Black "Topalov, Veselin"]
[Result "1/2-1/2"]
[WhiteElo "2770"]
[BlackElo "2740"]
[PlyCount "71"]
[EventDate "1998.??.??"]

1. e4 c5 2. Nf3 d6 3. d4 cxd4 4. Nxd4 Nf6 5. Nc3 a6 6. Be3 Ng4 7. Bg5 h6 8. Bh4
g5 9. Bg3 Bg7 10. Bc4 Nc6 11. Nxc6 bxc6 12. Qf3 Rf8 13. Bb3 Ne5 14. Qe3 Rb8 15.
O-O Qb6 16. Qe2 Rh8 17. Kh1 h5 18. f4 gxf4 19. Bxf4 Bg4 20. Qd2 Be6 21. Rad1
Qa5 22. Qe1 h4 23. h3 Nc4 24. Bc1 Kd7 25. Qf2 Rb7 26. Ne2 Nxb2 27. Bxb2 Bxb2
28. Rb1 Qa3 29. Nf4 Bxb3 30. axb3 Bf6 31. Nd3 Qa5 32. e5 Bxe5 33. Qf5+ Kc7 34.
Ra1 Qd5 35. Nxe5 Qxe5 36. Qxe5 1/2-1/2

[Event "Fontys"]
[Site "Tilburg NED"]
[Date "1998.10.26"]
[Round "4"]
[White "Anand, Viswanathan"]
[Black "Topalov, Veselin"]
[Result "1/2-1/2"]
[WhiteElo "2795"]
[BlackElo "2700"]
[PlyCount "91"]
[EventDate "1998.??.??"]

1. e4 c5 2. Nf3 d6 3. d4 cxd4 4. Nxd4 Nf6 5. Nc3 a6 6. Be3 e6 7. f3 b5 8. g4 h6
9. Qd2 Nbd7 10. O-O-O Bb7 11. h4 b4 12. Nb1 d5 13. Bh3 Ne5 14. g5 Nfd7 15. Qe2
dxe4 16. f4 Nd3+ 17. cxd3 exd3 18. Qxd3 Nc5 19. Qc2 Be4 20. Nxe6 fxe6 21. Rxd8+
Rxd8 22. Bxc5 Bxc2 23. Bxf8 Kxf8 24. Kxc2 hxg5 25. fxg5 Rxh4 26. Nd2 Ke7 27.
Nf3 Rc4+ 28. Kb1 Re4 29. Rc1 Rd3 30. Bg2 Ree3 31. Nh4 Rd2 32. Bf1 a5 33. Bc4
Kd6 34. Ng6 Re4 35. Nf8 e5 36. Ng6 Rg4 37. Nh8 e4 38. Nf7+ Ke7 39. Re1 Kf8 40.
Ne5 Rxg5 41. Rf1+ Ke8 42. Bb5+ Ke7 43. Nc4 Rh2 44. Ba4 Rc5 45. Ne3 g6 46. Re1
1/2-1/2

[Event "8th Amber Rapidplay"]
[Site "Monte Carlo MNC"]
[Date "1999.03.19"]
[Round "4"]
[White "Anand, Viswanathan"]
[Black "Topalov, Veselin"]
[Result "1-0"]
[WhiteElo "2781"]
[BlackElo "2700"]
[PlyCount "67"]
[EventDate "1999.??.??"]

1. Nf3 Nf6 2. c4 g6 3. Nc3 Bg7 4. e4 d6 5. d4 O-O 6. Be2 e5 7. O-O Na6 8. Re1
c6 9. Be3 Ng4 10. Bg5 f6 11. Bh4 Nh6 12. h3 Nf7 13. Rb1 Nc7 14. b4 Ne6 15. d5
Nd4 16. Nxd4 exd4 17. Qxd4 g5 18. Bg3 f5 19. Qd2 f4 20. Bh2 Ne5 21. dxc6 bxc6
22. b5 f3 23. Bxe5 Bxe5 24. Bxf3 Bxh3 25. Re3 Be6 26. bxc6 g4 27. Bd1 Rc8 28.
Rb7 Rxc6 29. Nd5 Kh8 30. Reb3 g3 31. Qh6 gxf2+ 32. Kf1 Bg8 33. Rxh7+ Bxh7 34.
Rb7 1-0

[Event "Amber Blindfold"]
[Site "Monaco MNC"]
[Date "2000.03.22"]
[Round "6"]
[White "Anand, Viswanathan"]
[Black "Topalov, Veselin"]
[Result "1-0"]
[WhiteElo "2769"]
[BlackElo "2702"]
[PlyCount "93"]
[EventDate "2000.03.16"]

1. Nf3 c5 2. c4 g6 3. g3 Bg7 4. Bg2 Nc6 5. O-O e6 6. Nc3 Nge7 7. d3 O-O 8. Bd2
b6 9. a3 d5 10. Rb1 a5 11. b3 d4 12. Nb5 e5 13. b4 a4 14. Qc1 f6 15. Bh6 Bxh6
16. Qxh6 Be6 17. Qc1 Qd7 18. Qc2 Kg7 19. Rb2 g5 20. Rfb1 h6 21. bxc5 bxc5 22.
Nd2 f5 23. Nc7 Qxc7 24. Rb7 Qd6 25. Bxc6 Kg6 26. Bg2 Ra6 27. g4 Ng8 28. gxf5+
Bxf5 29. Ne4 Bxe4 30. Bxe4+ Kh5 31. e3 Qe6 32. Kh1 Nf6 33. Qe2+ Kh4 34. Rg1
Nxe4 35. dxe4 d3 36. Qe1 Rf3 37. Rg3 Qf6 38. Qf1 g4 39. Qg2 h5 40. Rh7 Kg5 41.
Qh3 Qh6 42. Rxh6 Rxh6 43. Qf1 Rd6 44. Rxf3 gxf3 45. h4+ Kh6 46. Qd1 d2 47. Kh2
1-0

[Event "Corsica Masters KO"]
[Site "Bastia FRA"]
[Date "2003.11.03"]
[Round "4.1"]
[White "Topalov, Veselin"]
[Black "Anand, Viswanathan"]
[Result "1/2-1/2"]
[WhiteElo "2735"]
[BlackElo "2766"]
[PlyCount "74"]
[EventDate "2003.11.01"]
[EventType "k.o."]
[EventRounds "4"]
[EventCountry "FRA"]
[Source "Mark Crowther"]
[SourceDate "2003.11.03"]

1. d4 Nf6 2. c4 e6 3. Nc3 Bb4 4. Qc2 d5 5. a3 Bxc3+ 6. Qxc3 Ne4 7. Qc2 c5 8.
dxc5 Nc6 9. cxd5 exd5 10. Nf3 Bf5 11. b4 d4 12. g4 Bg6 13. Qc4 d3 14. Be3 Qf6
15. Rd1 Rd8 16. g5 Qf5 17. Bg2 d2+ 18. Nxd2 Nxd2 19. Bxd2 O-O 20. Qf4 Qe6 21.
Bxc6 bxc6 22. Rc1 f6 23. Rg1 fxg5 24. Qc4 Rd5 25. Rxg5 Re8 26. Be3 Be4 27. Rxd5
Bxd5 28. Qd4 h6 29. Rc3 Qg6 30. f3 Qh5 31. h4 Re6 32. Kf2 Kh7 33. a4 a6 34. Qf4
Rf6 35. Qg3 Rg6 36. Qf4 Rf6 37. Qg3 Rg6 1/2-1/2

[Event "Corsica Masters KO"]
[Site "Bastia FRA"]
[Date "2003.11.03"]
[Round "4.3"]
[White "Anand, Viswanathan"]
[Black "Topalov, Veselin"]
[Result "1/2-1/2"]
[WhiteElo "2766"]
[BlackElo "2735"]
[PlyCount "57"]
[EventDate "2003.11.01"]
[EventType "k.o."]
[EventRounds "4"]
[EventCountry "FRA"]
[Source "Mark Crowther"]
[SourceDate "2003.11.03"]

1. e4 c5 2. Nf3 d6 3. d4 cxd4 4. Nxd4 Nf6 5. Nc3 a6 6. Be3 e5 7. Nb3 Be6 8. f3
Nbd7 9. g4 Nb6 10. g5 Nh5 11. Qd2 Be7 12. O-O-O Rc8 13. Rg1 g6 14. Kb1 O-O 15.
h4 Qc7 16. Qf2 Bd8 17. Nc1 f6 18. gxf6 Rxf6 19. Rh1 Nc4 20. Bxc4 Bxc4 21. Nd3
Qf7 22. Ne1 Ba5 23. Nd5 Bxd5 24. Rxd5 Bxe1 25. Rxe1 Rxf3 26. Qd2 Rc6 27. Rxd6
Rxd6 28. Qxd6 Rxe3 29. Qb8+ 1/2-1/2

[Event "Amber Rapid"]
[Site "Monte Carlo MNC"]
[Date "2006.03.30"]
[Round "11"]
[White "Anand, Viswanathan"]
[Black "Topalov, Veselin"]
[Result "1/2-1/2"]
[WhiteElo "2792"]
[BlackElo "2801"]
[PlyCount "35"]
[EventDate "2006.03.18"]
[EventType "tourn (rapid)"]
[EventRounds "11"]
[EventCountry "MNC"]
[EventCategory "19"]
[Source "Mark Crowther"]
[SourceDate "2006.04.03"]

1. e4 e5 2. Nf3 Nc6 3. Bb5 Nf6 4. d3 Bc5 5. c3 O-O 6. Bxc6 bxc6 7. Nxe5 d5 8.
d4 Bb6 9. O-O dxe4 10. Nxc6 Qd6 11. Ne5 Ba6 12. Re1 c5 13. Na3 cxd4 14. Nac4
Qe6 15. Nxb6 axb6 16. cxd4 Nd5 17. f3 exf3 18. Nxf3 1/2-1/2

[Event "XIX Ciudad"]
[Site "Leon ESP"]
[Date "2006.06.11"]
[Round "2.1"]
[White "Topalov, Veselin"]
[Black "Anand, Viswanathan"]
[Result "1/2-1/2"]
[WhiteElo "2804"]
[BlackElo "2803"]
[PlyCount "133"]
[EventDate "2006.06.11"]
[EventType "k.o."]
[EventRounds "2"]
[EventCountry "ESP"]
[Source "Mark Crowther"]
[SourceDate "2006.06.12"]

1. Nf3 c5 2. c4 Nf6 3. g3 d5 4. d4 dxc4 5. Qa4+ Bd7 6. Qxc4 Bc6 7. dxc5 e6 8.
Nc3 Nbd7 9. Be3 Rc8 10. Bg2 Bxc5 11. Bxc5 Bxf3 12. Bxf3 Rxc5 13. Qb3 b6 14. O-O
O-O 15. Rfd1 Qb8 16. Ne4 Rc7 17. Nxf6+ Nxf6 18. Kg2 h6 19. Qa4 Rd8 20. Qf4 Rc2
21. b3 Rdc8 22. Qxb8 Rxb8 23. a4 g5 24. Rac1 Rb2 25. Rc7 g4 26. Bc6 Rc2 27. Rd4
a5 28. e4 Ne8 29. Rb7 Rxb7 30. Bxb7 Kf8 31. e5 Rc5 32. Rxg4 Rxe5 33. Rh4 Kg7
34. Rd4 Rc5 35. b4 Rc7 36. Bf3 e5 37. Rg4+ Kf8 38. Re4 Nd6 39. Rxe5 axb4 40.
Re2 Rc4 41. Rd2 Ke7 42. Bd5 Rc5 43. Rd4 Ra5 44. Bb3 b5 45. Rxb4 bxa4 46. Bxa4
Rc5 47. Bb3 Rb5 48. Rxb5 Nxb5 49. f4 f6 50. Kh3 Kf8 51. Kg4 Nd6 52. Kf3 Ke7 53.
g4 Ne8 54. Ke3 Nd6 55. Kd4 Ne8 56. h4 Nd6 57. Kd5 Ne8 58. Kc6 Nd6 59. Bd5 Ne8
60. Kc5 Nd6 61. Bc6 Nf7 62. Be4 Nd6 63. Bd3 Nf7 64. Kd5 Nd6 65. h5 Nf7 66. Bg6
Nd6 67. Kc5 1/2-1/2

[Event "XIX Ciudad"]
[Site "Leon ESP"]
[Date "2006.06.11"]
[Round "2.3"]
[White "Topalov, Veselin"]
[Black "Anand, Viswanathan"]
[Result "1/2-1/2"]
[WhiteElo "2804"]
[BlackElo "2803"]
[PlyCount "72"]
[EventDate "2006.06.11"]
[EventType "k.o."]
[EventRounds "2"]
[EventCountry "ESP"]
[Source "Mark Crowther"]
[SourceDate "2006.06.12"]

1. e4 e5 2. Nf3 Nc6 3. Bb5 a6 4. Ba4 Nf6 5. O-O Be7 6. d3 b5 7. Bb3 O-O 8. a4
Rb8 9. axb5 axb5 10. Nc3 d6 11. Nd5 Nxd5 12. exd5 Nd4 13. Nxd4 exd4 14. Bd2 Bd7
15. Ra7 Ra8 16. Qa1 Qb8 17. Rxa8 Qxa8 18. Qa5 Qxa5 19. Bxa5 Rc8 20. Ra1 Ra8 21.
Kf1 Kf8 22. Ra2 Ra7 23. Ke2 f5 24. f4 Bf6 25. Kd1 h6 26. g3 g5 27. Bd2 Rxa2 28.
Bxa2 gxf4 29. gxf4 Be8 30. Ba5 Bd8 31. c4 dxc3 32. Bxc3 Bf7 33. d4 c6 34. Bb1
Bxd5 35. Bxf5 Bf6 36. Kd2 c5 1/2-1/2

[Event "XXIV SuperGM"]
[Site "Morelia/Linares MEX/ESP"]
[Date "2007.02.17"]
[Round "1"]
[White "Topalov, Veselin"]
[Black "Anand, Viswanathan"]
[Result "1/2-1/2"]
[WhiteElo "2783"]
[BlackElo "2779"]
[PlyCount "60"]
[EventDate "2007.02.17"]
[EventType "tourn"]
[EventRounds "14"]
[EventCategory "20"]
[Source "Mark Crowther"]
[SourceDate "2007.02.19"]

1. d4 Nf6 2. c4 e6 3. Nf3 b6 4. g3 Ba6 5. b3 Bb4+ 6. Bd2 Be7 7. Bg2 c6 8. Bc3
d5 9. Ne5 Nfd7 10. Nxd7 Nxd7 11. Nd2 O-O 12. O-O Nf6 13. e4 dxe4 14. Nxe4 b5
15. Qe2 bxc4 16. Rfd1 Nd5 17. Be1 Nb6 18. Nc5 Qc8 19. Nxa6 Qxa6 20. a4 Rab8 21.
Bf3 Bf6 22. Rac1 Nd5 23. Qxc4 Qb7 24. Qxc6 Qxb3 25. Be4 Nb4 26. Qd7 a5 27. Rb1
Qa2 28. Qa7 Qxa4 29. Ra1 Qb5 30. Qxa5 Nd5 1/2-1/2

[Event "XXIV SuperGM"]
[Site "Morelia/Linares MEX/ESP"]
[Date "2007.03.02"]
[Round "8"]
[White "Anand, Viswanathan"]
[Black "Topalov, Veselin"]
[Result "1/2-1/2"]
[WhiteElo "2779"]
[BlackElo "2783"]
[PlyCount "49"]
[EventDate "2007.02.17"]
[EventType "tourn"]
[EventRounds "14"]
[EventCategory "20"]
[Source "Mark Crowther"]
[SourceDate "2007.03.05"]

1. e4 c5 2. Nf3 d6 3. d4 cxd4 4. Nxd4 Nf6 5. Nc3 a6 6. Be3 e5 7. Nf3 Be7 8. Bc4
O-O 9. O-O Nc6 10. Re1 b5 11. Bf1 Rb8 12. Bg5 Ng4 13. Bd2 Be6 14. Nd5 h6 15. h3
Nf6 16. c4 Qd7 17. b3 Bd8 18. Rc1 Bxd5 19. cxd5 Ne7 20. Bd3 Bb6 21. Nh4 g5 22.
Nf3 Rfc8 23. Rxc8+ Rxc8 24. Nh2 Ng6 25. Ng4 1/2-1/2

[Event "Champions Rapid"]
[Site "Zuerich SUI"]
[Date "2009.08.23"]
[Round "1"]
[White "Anand, Viswanathan"]
[Black "Topalov, Veselin"]
[Result "1/2-1/2"]
[WhiteElo "2788"]
[BlackElo "2813"]
[PlyCount "59"]
[EventDate "2009.08.23"]
[EventType "tourn (rapid)"]
[EventRounds "7"]
[EventCountry "SUI"]
[EventCategory "18"]
[Source "Mark Crowther"]
[SourceDate "2009.08.24"]

1. e4 e5 2. Nf3 Nc6 3. Bb5 Nf6 4. O-O Nxe4 5. d4 Nd6 6. Bxc6 dxc6 7. dxe5 Nf5
8. Qxd8+ Kxd8 9. Nc3 Be7 10. Rd1+ Ke8 11. Ne2 Bd7 12. h3 h6 13. Nf4 h5 14. Re1
Rd8 15. e6 Bxe6 16. Nxe6 fxe6 17. Bf4 Bf6 18. Rxe6+ Kf7 19. Rae1 Nd4 20. Nxd4
Rxd4 21. Bxc7 Rd7 22. Bd6 Rhd8 23. Ba3 Rd2 24. c3 Rc2 25. R6e3 Rdd2 26. Rf3 b6
27. g4 hxg4 28. hxg4 Kg6 29. Be7 Re2 30. Rxe2 1/2-1/2